<?xml version="1.0" encoding="UTF-8"?>
<collection xmlns="http://www.loc.gov/MARC21/slim">
 <record>
  <leader>00996nam a2200229 a 4500</leader>
  <controlfield tag="001">1/26280</controlfield>
  <controlfield tag="008">050518s2002    lu a         n00010 eng  </controlfield>
  <datafield tag="020" ind1=" " ind2=" ">
   <subfield code="a">9289601094</subfield>
  </datafield>
  <datafield tag="035" ind1=" " ind2=" ">
   <subfield code="l">28114</subfield>
  </datafield>
  <datafield tag="082" ind1="0" ind2="0">
   <subfield code="a">ΚΕΤ 374.013 USE</subfield>
  </datafield>
  <datafield tag="245" ind1="0" ind2="0">
   <subfield code="a">Users' views on e-learning:</subfield>
   <subfield code="b">Cedefop online surveys /</subfield>
   <subfield code="c">Cedefop</subfield>
  </datafield>
  <datafield tag="260" ind1="0" ind2=" ">
   <subfield code="a">Luxembourg:</subfield>
   <subfield code="b">Office for Official Publicationsof the European Communities,</subfield>
   <subfield code="c">2002</subfield>
  </datafield>
  <datafield tag="300" ind1=" " ind2=" ">
   <subfield code="a">vi, 74 σ.:</subfield>
   <subfield code="b">εικ.;</subfield>
   <subfield code="c">25 εκ.</subfield>
  </datafield>
  <datafield tag="490" ind1="1" ind2=" ">
   <subfield code="a">Cedefop reference series ;</subfield>
  </datafield>
  <datafield tag="650" ind1=" " ind2="4">
   <subfield code="a">Computer</subfield>
   <subfield code="x">assisted instruction.</subfield>
  </datafield>
  <datafield tag="650" ind1=" " ind2="4">
   <subfield code="a">Educational technology.</subfield>
  </datafield>
  <datafield tag="650" ind1=" " ind2="4">
   <subfield code="a">Occupational training</subfield>
   <subfield code="z">Europe Union countries.</subfield>
  </datafield>
  <datafield tag="650" ind1=" " ind2="4">
   <subfield code="a">Information technology</subfield>
   <subfield code="z">European Economic Community countries.</subfield>
  </datafield>
  <datafield tag="710" ind1="2" ind2=" ">
   <subfield code="a">European Centre for the Development of Vocational Training.</subfield>
  </datafield>
  <datafield tag="830" ind1=" " ind2=" ">
   <subfield code="a">Cedefop reference series ;</subfield>
   <subfield code="v">29</subfield>
  </datafield>
  <datafield tag="852" ind1=" " ind2=" ">
   <subfield code="a">INST</subfield>
   <subfield code="b">UNIPILB</subfield>
   <subfield code="c">KET</subfield>
   <subfield code="e">20050518</subfield>
   <subfield code="h">ΚΕΤ 374.013 USE</subfield>
   <subfield code="p">00144803</subfield>
   <subfield code="q">00144803</subfield>
   <subfield code="t">LOAN</subfield>
   <subfield code="y">0</subfield>
   <subfield code="4">1</subfield>
  </datafield>
  <datafield tag="852" ind1=" " ind2=" ">
   <subfield code="a">INST</subfield>
   <subfield code="b">UNIPILB</subfield>
   <subfield code="c">KET</subfield>
   <subfield code="e">20150212</subfield>
   <subfield code="h">ΚΕΤ 374.013 USE</subfield>
   <subfield code="p">00172775</subfield>
   <subfield code="q">00172775</subfield>
   <subfield code="t">LOAN</subfield>
   <subfield code="y">0</subfield>
   <subfield code="4">2</subfield>
  </datafield>
 </record>
</collection>
